00735nam a2200241Ia 4500001000700000003000500007008004100012010001100053040000900064100003100073245011100104260004100215300001000256502007500266650001200341650002400353650001400377650001400391650002400405650001400429650002100443700002900464Z_1444CHAP220113s1991 xx 000 0 und d a164533 cCHAP aHerrera Buendía, Edmundo aFrecuencias de pastoreo en dos praderas asociadas /cpor Edmundo Herrera Buendía y Rafael Larios Romero aChapingo, Méx. :bEl autor,c1991 a55 h. aTesis (Ing. Agr. Esp. en Zootecnia) -- UACH. Departamento de Zootecnia aBiomasa aDactylis glomerata  aPastoreo  aPraderas  aSiembra múltiple  aTrébol  aTrébol blanco  aI. Larios Romero, Rafael